000 00682nam a2200217 a 4500
999 _c6360
_d6360
001 6360
003 BD-JhCC
005 20180122094443.0
008 171009s1980 bg |||| ||a| 000 0 mul d
035 _a(BD-JhCC)6360
040 _aBD-JhCC
_dBD-JhCC
041 _amul
082 _a297.124
_bOHA 1980
100 _aওহাব, মুহাম্মদ ইবনে আব্দুল
245 _aকিতাবুত তাওহীদ /
_cমুহাম্মদ ইবনে আব্দুল ওহাব
260 _aঢাকা ;
_bআবু রায়হান,
_c1980.
300 _a111 p, :
_c24 cm
650 _aHadith
942 _2ddc
_cBK